[Event "Titled Tuesday intern op 04th Jun Late"]
[Site "Chess.com INT"]
[Date "2024.06.04"]
[Round "2"]
[White "Boder, Jan"]
[Black "Lauda, Alexandr"]
[Result "1-0"]
[WhiteElo "2331"]
[BlackElo "2198"]
[PlyCount "73"]
[EventDate "2024.06.04"]
[EventType "swiss (blitz)"]
[EventRounds "11"]
[EventCountry "USA"]
[SourceTitle "EXT 2025"]
[Source "ChessBase"]
[SourceDate "2024.10.14"]
[SourceVersion "1"]
[SourceVersionDate "2024.10.14"]
[SourceQuality "1"]

1. e4 c5 2. Nf3 Nc6 3. c3 d5 4. e5 Bg4 5. Bb5 h5 6. h3 Bf5 7. 0-0 a6 8. Ba4 e6 9. d4 Be7 10. Nbd2 g5 11. dxc5 Bxc5 12. Nb3 Be7 13. Nbd4 Rc8 14. Nxf5 exf5 15. h4 b5 16. Bb3 g4 17. Ng5 Nxe5 18. Re1 f6 19. Ne6 Qd7 20. Bxd5 Nh6 21. Bxh6 Rxh6 22. Ng7+ Kf8 23. Ne6+ Ke8 24. Qb3 Rh7 25. Rad1 Qc7 26. Nf4 Qb6 27. Be6 Rd8 28. Bxf5 Rh8 29. Nd5 Qb7 30. Nf4 Rxd1 31. Rxd1 g3 32. fxg3 Bc5+ 33. Kh2 Ng4+ 34. Bxg4 hxg4 35. Qe6+ Qe7 36. Qxe7+ Kxe7 37. Ng6+ 1-0

[Event "Rheinland Pfalz op 14th"]
[Site "Neuwied"]
[Date "2024.06.02"]
[Round "7"]
[White "Boder, Jan"]
[Black "Koellner, Ruben Gideon"]
[Result "1/2-1/2"]
[WhiteElo "2317"]
[BlackElo "2439"]
[PlyCount "44"]
[EventDate "2024.05.30"]
[EventType "swiss"]
[EventRounds "7"]
[EventCountry "GER"]
[SourceTitle "CBM 220 Extra"]
[Source "ChessBase"]
[SourceDate "2024.07.31"]
[SourceVersion "1"]
[SourceVersionDate "2024.07.31"]
[SourceQuality "1"]

1. c4 e6 2. Nf3 d5 3. g3 Nf6 4. Bg2 dxc4 5. Qa4+ Bd7 6. Qxc4 c5 7. Ne5 Qc8 8. 0-0 Nc6 9. d4 cxd4 10. Bxc6 Bxc6 11. Rd1 Bd6 12. Nxc6 Qxc6 13. Qxc6+ bxc6 14. Rxd4 Be5 15. Rc4 Rd8 16. Nd2 Bxb2 17. Bxb2 Rxd2 18. Bxf6 gxf6 19. Rxc6 0-0 20. e3 Rb8 21. a4 Rbb2 22. Rf1 Rb4 1/2-1/2

[Event "Rheinland Pfalz op 14th"]
[Site "Neuwied"]
[Date "2024.06.01"]
[Round "5"]
[White "Seidler, Lukas"]
[Black "Boder, Jan"]
[Result "0-1"]
[WhiteElo "2200"]
[BlackElo "2317"]
[PlyCount "142"]
[EventDate "2024.05.30"]
[EventType "swiss"]
[EventRounds "7"]
[EventCountry "GER"]
[SourceTitle "CBM 220 Extra"]
[Source "ChessBase"]
[SourceDate "2024.07.31"]
[SourceVersion "1"]
[SourceVersionDate "2024.07.31"]
[SourceQuality "1"]

1. e4 e5 2. Nf3 Nc6 3. Bb5 a6 4. Ba4 Nf6 5. d3 b5 6. Bb3 Be7 7. 0-0 0-0 8. Re1 d6 9. c3 Na5 10. Bc2 c5 11. h3 Qc7 12. Nbd2 Rb8 13. Nf1 Be6 14. d4 b4 15. cxb4 Rxb4 16. d5 Bd7 17. a3 Rb7 18. b4 cxb4 19. axb4 Rxb4 20. Bd2 Rb2 21. Rxa5 Rxc2 22. Rxa6 Bb5 23. Ra7 Qxa7 24. Qxc2 Qa6 25. Ng3 Rc8 26. Qb2 Bd3 27. Ra1 Qb5 28. Qxb5 Bxb5 29. Bb4 Bf8 30. Nd2 g6 31. f3 Bh6 32. Ngf1 Ne8 33. Kf2 f5 34. Ne3 Bd3 35. Ra3 fxe4 36. fxe4 Bb5 37. Rc3 Rb8 38. Ndc4 Bxc4 39. Rxc4 Bxe3+ 40. Kxe3 Kf7 41. Bd2 Rb3+ 42. Rc3 Rb7 43. Ra3 g5 44. Kf3 h6 45. h4 gxh4 46. Bxh6 Kg6 47. Bd2 Rf7+ 48. Ke3 Rf4 49. Ra6 Kh5 50. Bb4 Nf6 51. Bxd6 Rxe4+ 52. Kf3 Rf4+ 53. Ke2 Nxd5 54. Ra5 Rd4 55. Kf2 e4 56. Bc5 Rd2+ 57. Ke1 Rd3 58. Ra4 Nc3 59. Rd4 Rxd4 60. Bxd4 Nd5 61. Kf2 Kg4 62. Be5 e3+ 63. Kf1 Kf5 64. Bd6 Ke4 65. Ke1 Kd3 66. Bc5 Nf4 67. Kf1 e2+ 68. Kf2 Nxg2 69. Bb4 Ne3 70. Kf3 h3 71. Kg3 Nf1+ 0-1